000 00614nam a2200205Ia 4500
001 5740
003 GE_BSU
008 181216s||||||||xx |||||||||||||| ||und||
040 _cGE_BSU
080 _a511.4+512.2
100 _aГельфонд, А.О
245 _aТрансцендентные и алгебраические числа
245 _cРед. О.С. Ивашев-Мусатов
260 _aМосква
260 _bГостехиздат
260 _c1952
300 _a223 с.20 см.
653 _aТрансцендентные и алгебраические числа
942 _cBK
999 _c39157
_d39157